[Event "Granby op"]
[Site "Granby CAN"]
[Date "1995.04.22"]
[Round "3"]
[White "Lacroix, Serge"]
[Black "Mikanovic, Goran"]
[Result "0-1"]
[WhiteElo "1956"]
[BlackElo "2248"]
[PlyCount "56"]
[EventDate "1995.04.22"]
[EventType "swiss"]
[EventRounds "4"]
[EventCountry "CAN"]

1. e4 c5 2. Nf3 e6 3. d4 cxd4 4. Nxd4 a6 5. Nc3 Qc7 6. Be3 Nf6 7. f4 Bb4 8. Bd3
Bxc3+ 9. bxc3 Qxc3+ 10. Kf2 d6 11. h3 Nbd7 12. Nb3 b5 13. g4 Bb7 14. Bd4 Qc7
15. Re1 d5 16. e5 Ne4+ 17. Bxe4 dxe4 18. Re3 Rc8 19. Rc1 Qd8 20. Kg3 h5 21. g5
Nf8 22. Rc3 Ng6 23. Rxc8 Qxc8 24. Be3 Ne7 25. Bb6 Nf5+ 26. Kh2 O-O 27. Nd4 Ne3
28. Qe2 Nd5 0-1

[Event "Mauricie op"]
[Site "Trois-Rivieres CAN"]
[Date "1995.03.18"]
[Round "3"]
[White "Lacroix, Serge"]
[Black "Picard, Jean"]
[Result "0-1"]
[WhiteElo "1978"]
[BlackElo "1986"]
[Annotator "Incomplete"]
[PlyCount "108"]
[EventDate "1995.03.17"]
[EventType "swiss"]
[EventRounds "5"]
[EventCountry "CAN"]

1. e4 e5 2. Nf3 Nc6 3. Bb5 a6 4. Ba4 Nf6 5. O-O Be7 6. Re1 b5 7. Bb3 O-O 8. c3
d5 9. exd5 Nxd5 10. Nxe5 Nxe5 11. Rxe5 c6 12. d4 Bd6 13. Re1 Qh4 14. g3 Qh3 15.
Be3 Bg4 16. Qd3 Rae8 17. Nd2 Re6 18. Qf1 Qh5 19. a4 f5 20. Bxd5 cxd5 21. f4 g5
22. Qg2 Re4 23. fxg5 Bh3 24. Qf3 Qxf3 25. Nxf3 f4 26. gxf4 Bxf4 27. Bf2 Rf5 28.
axb5 axb5 29. Ra8+ Kg7 30. Ra7+ Kg8 31. Re7 Bd6 32. R7xe4 dxe4 33. Ne5 Bxe5 34.
dxe5 Rxe5 35. Bg3 Rf5 36. Bf2 Rxg5+ 37. Bg3 Rf5 38. Bf2 Rg5+ 39. Bg3 Rg4 40.
Kf2 h5 41. Ke3 h4 42. Bf4 Bg2 43. Rd1 h3 44. Rd8+ Kf7 45. Rb8 Bf1 46. Kxe4 Rg2
47. b4 Ke6 48. Rb6+ Kd7 49. Kd5 Bc4+ 50. Kd4 Rf2 51. Bg3 Rf5 52. Rb7+ Kc6 53.
Rc7+ Kb6 54. Rh7 Bf1 {etc.} 0-1

[Event "Mauricie op U2000"]
[Site "Trois-Rivieres CAN"]
[Date "1995.03.19"]
[Round "5"]
[White "Lacroix, Serge"]
[Black "Courval, Francois"]
[Result "0-1"]
[WhiteElo "1978"]
[BlackElo "1908"]
[PlyCount "67"]
[EventDate "1995.03.17"]
[EventType "swiss"]
[EventRounds "5"]
[EventCountry "CAN"]

1. e4 c5 2. Nf3 d6 3. d4 cxd4 4. Nxd4 Nf6 5. Nc3 g6 6. Be3 Bg7 7. f3 O-O 8. Qd2
Nc6 9. Bc4 Bd7 10. O-O-O Qb8 11. h4 b5 12. Nxc6 Bxc6 13. Bd5 Rc8 14. Bxc6 Rxc6
15. Bd4 e6 16. g4 b4 17. Ne2 b3 18. axb3 Qxb3 19. g5 Nh5 20. Bxg7 Nxg7 21. Nc3
Qb6 22. f4 Rb8 23. b3 Qd8 24. Kb2 Rbc8 25. Rh3 Ra6 26. Ra1 Rxa1 27. Kxa1 Rc6
28. h5 Nxh5 29. Kb2 Ra6 30. Kb1 Qa5 31. Kc1 Qa1+ 32. Nb1 Ra2 33. Qxd6 Qb2+ 34.
Kd1 0-1

[Event "Le Manuri"]
[Site "Montreal CAN"]
[Date "1995.02.18"]
[Round "2"]
[White "Morin, Louis"]
[Black "Lacroix, Serge"]
[Result "0-1"]
[WhiteElo "1971"]
[BlackElo "1962"]
[PlyCount "190"]
[EventDate "1995.02.17"]
[EventType "tourn"]
[EventRounds "5"]
[EventCountry "CAN"]

1. d4 Nf6 2. c4 e6 3. Nc3 Bb4 4. Qb3 c5 5. Nf3 Na6 6. e3 O-O 7. Bd3 b6 8. a3
cxd4 9. axb4 dxc3 10. c5 Nb8 11. Qxc3 bxc5 12. bxc5 Nc6 13. Ra4 Nd5 14. Qc2 h6
15. Bd2 Rb8 16. Qb1 Ndb4 17. Be2 Qe7 18. Qc1 a5 19. Nd4 Nxd4 20. exd4 e5 21.
O-O exd4 22. Re1 g5 23. Rxa5 Qd8 24. Ra4 Nc6 25. h4 f6 26. Bf3 Re8 27. Rxe8+
Qxe8 28. hxg5 Ne5 29. Bd5+ Kh8 30. Rxd4 Bb7 31. Bxb7 Rxb7 32. gxf6 Qg6 33. Kf1
Qh5 34. Bxh6 Qh1+ 35. Ke2 Qxg2 36. Bg7+ Kg8 37. Qe3 Qg6 38. b4 Qh5+ 39. Kf1
Qh1+ 40. Ke2 Qh5+ 41. Kd2 Ra7 42. Qb3+ Kh7 43. Qc2+ Kg8 44. Qb3+ Kh7 45. Qb1+
Kg8 46. Rf4 Qf7 47. Ke1 Qd5 48. f7+ Nxf7 49. Qe4 Qxe4+ 50. Rxe4 Kxg7 51. b5 Kf6
52. c6 dxc6 53. bxc6 Ne5 54. Kd2 Nxc6 55. Kc3 Ra2 56. f4 Kf5 57. Rc4 Ne7 58.
Rc5+ Kxf4 59. Rc4+ Ke3 60. Rc5 Ng6 61. Rc6 Nf4 62. Rd6 Ra1 63. Kc4 Rc1+ 64. Kb5
Ke4 65. Rc6 Rb1+ 66. Kc4 Ke5 67. Rc5+ Ke4 68. Rc6 Rb2 69. Kc3 Rb7 70. Kc4 Rb1
71. Rc5 Nd5 72. Rc6 Nb6+ 73. Kc5 Nd7+ 74. Kd6 Rd1+ 75. Ke6 Ne5 76. Rd6 Rh1 77.
Rd2 Rh6+ 78. Ke7 Rh7+ 79. Ke6 Rh6+ 80. Ke7 Nc6+ 81. Kd7 Ke5 82. Re2+ Kd5 83.
Rd2+ Nd4 84. Ke7 Re6+ 85. Kf7 Re3 86. Kf6 Rf3+ 87. Kg5 Ke5 88. Kg4 Rf8 89. Kg3
Ke4 90. Rf2 Rg8+ 91. Kh3 Nf3 92. Rf1 Rh8+ 93. Kg3 Rg8+ 94. Kh3 Kf4 95. Rf2 Rg3#
0-1

[Event "Le Manuri"]
[Site "Montreal CAN"]
[Date "1995.02.19"]
[Round "5"]
[White "Moisan-Plante, Marc-Olivier"]
[Black "Lacroix, Serge"]
[Result "1-0"]
[WhiteElo "2119"]
[BlackElo "1962"]
[PlyCount "48"]
[EventDate "1995.02.17"]
[EventType "tourn"]
[EventRounds "5"]
[EventCountry "CAN"]

1. e4 e5 2. Nf3 Nc6 3. Nc3 Nf6 4. d4 exd4 5. Nxd4 Nxd4 6. Qxd4 d6 7. f3 Be7 8.
Be3 O-O 9. O-O-O Be6 10. g4 Nd7 11. Be2 Bf6 12. Qd2 c6 13. g5 Be7 14. f4 f5 15.
gxf6 Nxf6 16. Rhg1 b5 17. Bf3 b4 18. Na4 Qa5 19. b3 d5 20. f5 dxe4 21. Qg2 Ne8
22. Bxe4 Bxf5 23. Bxc6 Rc8 24. Rd5 Qc7 1-0

[Event "Carnaval"]
[Site "Quebec CAN"]
[Date "1995.02.03"]
[Round "1"]
[White "Levtchouk, George"]
[Black "Lacroix, Serge"]
[Result "1-0"]
[WhiteElo "2313"]
[BlackElo "1945"]
[PlyCount "62"]
[EventDate "1995.02.03"]
[EventType "swiss"]
[EventRounds "5"]
[EventCountry "CAN"]

1. d4 Nf6 2. c4 e6 3. Nc3 Bb4 4. f3 d5 5. a3 Bxc3+ 6. bxc3 Nc6 7. Bg5 h6 8. Bh4
g5 9. Bf2 Qe7 10. e3 e5 11. cxd5 Nxd5 12. Qb3 Nb6 13. e4 exd4 14. cxd4 Be6 15.
Qc3 O-O-O 16. Bb5 Bd7 17. Ne2 a6 18. Bd3 Na4 19. Qc2 Na7 20. d5 Kb8 21. O-O
Rhe8 22. Nd4 Ka8 23. Rab1 Qxa3 24. Rb3 Qc5 25. Qe2 Qd6 26. Qc2 Nc5 27. Nf5 Bxf5
28. Bxc5 Qe5 29. Rxb7 Kxb7 30. Bxa6+ Kxa6 31. Qa4+ Kb7 1-0

[Event "Carnaval"]
[Site "Quebec CAN"]
[Date "1995.02.05"]
[Round "4"]
[White "Lacroix, Serge"]
[Black "Leriche, Felix"]
[Result "0-1"]
[WhiteElo "1945"]
[BlackElo "2114"]
[PlyCount "112"]
[EventDate "1995.02.03"]
[EventType "swiss"]
[EventRounds "5"]
[EventCountry "CAN"]

1. e4 e6 2. d4 d5 3. Nc3 Bb4 4. e5 c5 5. a3 Bxc3+ 6. bxc3 Ne7 7. Qg4 Qc7 8.
Qxg7 Rg8 9. Qxh7 cxd4 10. Kd1 dxc3 11. Nf3 Nbc6 12. Bf4 Bd7 13. Ng5 Rf8 14. Bd3
Nd4 15. Rb1 a6 16. Rb4 Ndc6 17. Rb3 Na5 18. Rb1 Nc4 19. Rb3 Rc8 20. Ke2 Nb2 21.
Rb1 Nxd3 22. Qxd3 Bb5 23. Rxb5 axb5 24. Qxb5+ Nc6 25. Nh7 Rh8 26. Nf6+ Kf8 27.
Qxb7 Nd4+ 28. Kd1 Qc4 29. Qb4+ Kg7 30. Qxc4 Rxc4 31. Be3 Rxh2 32. Bxd4 Rh1+ 33.
Ke2 Rxb1 34. Be3 Rb2 35. Kd3 Ra2 36. Ne8+ Kg6 37. Nd6 Rg4 38. g3 Rxa3 39. Nb5
Ra1 40. Kxc3 Rc4+ 41. Kd2 Ra2 42. Nd4 Ra6 43. Nb5 f6 44. exf6 Kxf6 45. Kd3 e5
46. f4 e4+ 47. Kd2 Kf5 48. Nd4+ Kg4 49. Bf2 Raa4 50. c3 Ra2+ 51. Nc2 Kf3 52.
Bd4 e3+ 53. Kd3 Rxc2 54. Kxc2 Rxd4 55. cxd4 e2 56. Kd2 Kf2 0-1

[Event "Carnaval"]
[Site "Quebec CAN"]
[Date "1995.02.04"]
[Round "5"]
[White "Drolet, Stephane"]
[Black "Lacroix, Serge"]
[Result "1/2-1/2"]
[WhiteElo "2047"]
[BlackElo "1945"]
[Annotator "Incomplete"]
[PlyCount "68"]
[EventDate "1995.02.03"]
[EventType "swiss"]
[EventRounds "5"]
[EventCountry "CAN"]

1. Nf3 Nf6 2. c4 e6 3. g3 d5 4. Bg2 c5 5. O-O Be7 6. b3 Nc6 7. e3 b6 8. Bb2 Bb7
9. d3 Qc7 10. Qe2 O-O 11. Nbd2 Rad8 12. a3 Rd7 13. cxd5 exd5 14. Rfc1 Ng4 15.
Bh3 f5 16. b4 Nge5 17. bxc5 bxc5 18. Nxe5 Nxe5 19. d4 Nc4 20. Nxc4 dxc4 21.
Qxc4+ Kh8 22. Qa4 Bc6 23. Qc2 Be4 24. Qe2 Qb7 25. dxc5 Bd3 26. c6 Bxe2 27. cxb7
Rxb7 28. Bd4 h6 29. a4 Bf6 30. Bg2 Bxd4 31. exd4 Rd7 32. Ra2 Bd3 33. d5 f4 34.
Rd2 Ba6 {etc.} 1/2-1/2

[Event "Specialiste op"]
[Site "Montreal CAN"]
[Date "1995.01.21"]
[Round "2"]
[White "Morin, Louis"]
[Black "Lacroix, Serge"]
[Result "1-0"]
[WhiteElo "1941"]
[BlackElo "1964"]
[PlyCount "55"]
[EventDate "1995.01.20"]
[EventType "swiss"]
[EventRounds "5"]
[EventCountry "CAN"]

1. d4 Nf6 2. c4 e6 3. Nc3 Bb4 4. Qb3 c5 5. Nf3 Nc6 6. e3 Ne4 7. Bd3 d5 8. a3
dxc4 9. Qxc4 Na5 10. Qb5+ Bd7 11. axb4 Bxb5 12. Bxb5+ Ke7 13. bxa5 Nxc3 14.
bxc3 cxd4 15. exd4 Qd5 16. Bd3 b5 17. axb6 axb6 18. Ba3+ Kf6 19. c4 Qh5 20. O-O
Ra5 21. Bb4 Raa8 22. Bc3 Rhc8 23. Ne5 Ke7 24. Be4 Rxa1 25. Bb4+ Ke8 26. Rxa1
Qe2 27. Bc6+ Rxc6 28. Ra8+ 1-0

[Event "Specialiste op"]
[Site "Montreal CAN"]
[Date "1995.01.21"]
[Round "3"]
[White "Patterson, Roger"]
[Black "Lacroix, Serge"]
[Result "1-0"]
[WhiteElo "2100"]
[BlackElo "1964"]
[PlyCount "93"]
[EventDate "1995.01.20"]
[EventType "swiss"]
[EventRounds "5"]
[EventCountry "CAN"]

1. e4 e5 2. Nf3 Nc6 3. Bb5 a6 4. Ba4 Nf6 5. O-O Be7 6. Re1 b5 7. Bb3 d6 8. c3
O-O 9. h3 h6 10. d4 Re8 11. Nbd2 Bf8 12. a3 Na5 13. Bc2 c5 14. b4 cxb4 15. cxb4
Nc6 16. Bb2 g6 17. Nb3 exd4 18. Nbxd4 Nxd4 19. Nxd4 Bb7 20. f3 Qb6 21. Kh1 Rac8
22. Bb3 d5 23. e5 Nh5 24. Qd2 Kh7 25. g4 Ng7 26. f4 Ne6 27. Nxe6 d4+ 28. Kh2
fxe6 29. Qxd4 Qxd4 30. Bxd4 Red8 31. Rad1 Bd5 32. Bxd5 Rxd5 33. Bc5 Rxd1 34.
Rxd1 Bxc5 35. bxc5 Rxc5 36. Rd6 g5 37. fxg5 Rxe5 38. gxh6 a5 39. Rd3 Kxh6 40.
Kg3 Re1 41. Kf4 a4 42. h4 Kg6 43. h5+ Kh6 44. Rg3 Rb1 45. g5+ Kg7 46. g6 Rb3
47. Rg5 1-0

[Event "Paul Keres Specialiste"]
[Site "Montreal CAN"]
[Date "1995.01.10"]
[Round "1"]
[White "Rousseau, Daniel"]
[Black "Lacroix, Serge"]
[Result "0-1"]
[WhiteElo "2065"]
[BlackElo "1954"]
[PlyCount "82"]
[EventDate "1995.01.10"]
[EventType "tourn"]
[EventRounds "6"]
[EventCountry "CAN"]

1. e4 e5 2. Nf3 Nc6 3. Bb5 a6 4. Ba4 Nf6 5. O-O b5 6. Bb3 Be7 7. Re1 d6 8. c3
O-O 9. h3 Re8 10. d4 h6 11. a4 Bb7 12. Nbd2 Bf8 13. Bc2 exd4 14. cxd4 Nb4 15.
Bb1 c5 16. b3 g6 17. Bb2 Bg7 18. e5 dxe5 19. dxe5 Nfd5 20. Ne4 Qc7 21. Qc1 c4
22. bxc4 bxc4 23. Nf6+ Bxf6 24. exf6 Rxe1+ 25. Nxe1 Re8 26. Nf3 Qf4 27. Qd1 Qc7
28. Bd4 Nf4 29. Be3 Bc6 30. Qd2 Nbd5 31. Nd4 Nxe3 32. Nxc6 Qxc6 33. fxe3 Rxe3
34. Ra2 Qe8 35. Kf1 Nd3 36. Bxd3 Rxd3 37. Qe1 Qd7 38. Qe7 Rd1+ 39. Kf2 Qd4+ 40.
Kg3 Rd3+ 41. Kh2 Qf4+ 0-1

[Event "Paul Keres Specialiste"]
[Site "Montreal CAN"]
[Date "1995.01.17"]
[Round "2"]
[White "Lacroix, Serge"]
[Black "Morin, Louis"]
[Result "1-0"]
[WhiteElo "1954"]
[BlackElo "1941"]
[PlyCount "83"]
[EventDate "1995.01.10"]
[EventType "tourn"]
[EventRounds "6"]
[EventCountry "CAN"]

1. e4 e5 2. Nf3 d6 3. d4 Nd7 4. Bc4 c6 5. a4 Be7 6. O-O Ngf6 7. Nc3 O-O 8. Qe2
Qc7 9. Rd1 b6 10. Bg5 h6 11. Bh4 g6 12. Bb3 Bb7 13. Rd2 a6 14. Rad1 Rad8 15.
dxe5 dxe5 16. Rxd7 Rxd7 17. Rxd7 Qxd7 18. Nxe5 Qd4 19. Nxg6 Re8 20. e5 Bd8 21.
Bxf6 Bxf6 22. Qf3 Qd2 23. Bxf7+ Kxf7 24. Qxf6+ Kg8 25. h4 Qd8 26. Qh8+ Kf7 27.
Qh7+ Ke6 28. Qxb7 c5 29. Qxa6 Kf5 30. h5 Qd2 31. Qd3+ Qxd3 32. cxd3 Rd8 33. f3
Rd4 34. Kf2 Rb4 35. g4+ Ke6 36. Ke3 Rxb2 37. f4 Rg2 38. f5+ Kf7 39. e6+ Kg7 40.
e7 Kf7 41. Ne4 Rxg4 42. Nd6+ 1-0

[Event "Bonne annee"]
[Site "Charny CAN"]
[Date "1995.01.08"]
[Round "1"]
[White "Saint Amand, Paul"]
[Black "Lacroix, Serge"]
[Result "1-0"]
[WhiteElo "2103"]
[BlackElo "1898"]
[Annotator "Incomplete"]
[PlyCount "60"]
[EventDate "1995.01.08"]
[EventType "swiss"]
[EventRounds "5"]
[EventCountry "CAN"]

1. e4 e5 2. Nf3 Nc6 3. Bb5 a6 4. Ba4 Nf6 5. O-O b5 6. Bb3 Be7 7. Re1 d6 8. c3
O-O 9. h3 h6 10. d4 Re8 11. a4 Bd7 12. d5 Na5 13. Bc2 c6 14. dxc6 Bxc6 15. Nbd2
Bf8 16. b4 Nc4 17. Nxc4 bxc4 18. Qe2 d5 19. exd5 Qxd5 20. Rd1 Qe6 21. Nd2 Bd5
22. Ne4 Nd7 23. Ng3 g6 24. Rxd5 Qxd5 25. Be4 Qe6 26. Bxa8 Rxa8 27. Be3 f5 28.
Rd1 Nf6 29. Nf1 Ne4 30. Qc2 Nf6 {etc.} 1-0

[Event "Pere Noel"]
[Site "Montreal CAN"]
[Date "1994.12.26"]
[Round "1"]
[White "Lacroix, Serge"]
[Black "Duong, Thanh Nha"]
[Result "0-1"]
[WhiteElo "1921"]
[BlackElo "2224"]
[PlyCount "68"]
[EventDate "1994.12.26"]
[EventType "swiss"]
[EventRounds "5"]
[EventCountry "CAN"]

1. e4 e5 2. Nf3 Nc6 3. Bb5 a6 4. Ba4 Nf6 5. O-O Be7 6. Re1 b5 7. Bb3 O-O 8. c3
d5 9. exd5 Nxd5 10. Nxe5 Nxe5 11. Rxe5 c6 12. d4 Bd6 13. Re1 Qh4 14. g3 Qh3 15.
Be3 Bg4 16. Qd3 f5 17. Qf1 Qh5 18. f4 Kh8 19. Nd2 g5 20. Bxd5 cxd5 21. a4 bxa4
22. Rxa4 Rae8 23. Rxa6 gxf4 24. Bxf4 Rxe1 25. Qxe1 Bxf4 26. gxf4 Be2 27. Nf1
Qg4+ 28. Ng3 Bxa6 29. Qe5+ Qg7 30. Qxd5 Bb7 31. Qc5 h5 32. Kf2 h4 33. Nxf5 Qg2+
34. Ke1 Re8+ 0-1

[Event "Pere Noel"]
[Site "Montreal CAN"]
[Date "1994.12.29"]
[Round "4"]
[White "Lacroix, Serge"]
[Black "Morin, Louis"]
[Result "0-1"]
[WhiteElo "1946"]
[BlackElo "1998"]
[PlyCount "164"]
[EventDate "1994.12.26"]
[EventType "swiss"]
[EventRounds "5"]
[EventCountry "CAN"]

1. e4 e5 2. Nf3 d6 3. d4 Nf6 4. Nc3 Nbd7 5. Bc4 Be7 6. Be3 O-O 7. h3 c6 8. a4
b6 9. Qe2 a6 10. O-O Qc7 11. Rfd1 Bb7 12. g4 b5 13. dxe5 dxe5 14. axb5 axb5 15.
g5 Nxe4 16. Rxa8 Bxa8 17. Nxe4 bxc4 18. Qxc4 c5 19. Nfd2 Nb6 20. Qb5 Bc6 21.
Qf1 Ba4 22. b3 Bd7 23. c4 Kh8 24. Ra1 f5 25. gxf6 gxf6 26. f4 Rg8+ 27. Kh2 f5
28. Ng3 Bd6 29. Ne2 Bc6 30. Nf3 Qb7 31. Neg1 Qg7 32. Qf2 exf4 33. Bc1 Qg3+ 34.
Qxg3 fxg3+ 35. Kg2 Re8 36. Ra6 Bc7 37. Ra7 Re7 38. Bf4 Bd6 39. Rxe7 Bxe7 40.
Kxg3 Be4 41. Ne2 Nd7 42. Nc3 Bc2 43. Nd5 Bd8 44. Nd2 Kg7 45. Ne3 Bd3 46. Nf3
Ba5 47. Bd6 Kf6 48. Bf4 Kg7 49. Be5+ Nxe5 50. Nxe5 Bc7 51. Kf4 Bxe5+ 52. Kxe5
Kg6 53. Kf4 Bb1 54. Nf1 Bc2 55. Nd2 Kf6 56. h4 Bd1 57. Ke3 Ke5 58. Kd3 Kf4 59.
Kc3 Ke3 60. Nf1+ Kf2 61. Nd2 Ke1 62. Nb1 f4 63. b4 cxb4+ 64. Kxb4 f3 65. Kc3 f2
66. Nd2 f1=Q 67. Nxf1 Kxf1 68. Kd2 Be2 69. c5 Kf2 70. c6 Kf3 71. c7 Ba6 72. h5
Ke4 73. h6 Ke5 74. Ke3 Kd6 75. Kf4 Kxc7 76. Kf5 Kd6 77. Kf6 Bd3 78. Kf7 Ke5 79.
Kg7 Ke6 80. Kh8 Kf6 81. Kg8 Kg6 82. Kh8 Kxh6 0-1

[Event "St-Jean op"]
[Site "St-Jean CAN"]
[Date "1994.11.06"]
[Round "2"]
[White "Lacroix, Serge"]
[Black "Schleifer, Michael"]
[Result "0-1"]
[WhiteElo "1977"]
[BlackElo "2310"]
[PlyCount "73"]
[EventDate "1994.11.05"]
[EventType "swiss"]
[EventRounds "4"]
[EventCountry "CAN"]

1. e4 c5 2. Nf3 d6 3. d4 Nf6 4. Nc3 cxd4 5. Nxd4 Nc6 6. Bg5 e6 7. Qd2 h6 8. Be3
a6 9. f4 Bd7 10. Be2 Be7 11. O-O-O Qc7 12. g4 Nxd4 13. Bxd4 e5 14. Be3 Bc6 15.
Bf3 b5 16. g5 exf4 17. Bxf4 hxg5 18. Bxd6 Bxd6 19. Qxd6 Qxd6 20. Rxd6 Bb7 21.
Rb6 g4 22. Bg2 Bc8 23. e5 Nd7 24. Rd6 Ra7 25. e6 Nf6 26. exf7+ Kxf7 27. Nd5 Rd7
28. Rxd7+ Bxd7 29. Nf4 Bf5 30. c3 g6 31. Kd2 Rd8+ 32. Ke2 g5 33. Rf1 gxf4 34.
Rxf4 Kg6 35. Bb7 Rd6 36. a4 bxa4 37. Rxa4 0-1

[Event "Outaouais op"]
[Site "Gatineau CAN"]
[Date "1994.10.22"]
[Round "3"]
[White "Roy, Roger"]
[Black "Lacroix, Serge"]
[Result "0-1"]
[WhiteElo "1768"]
[BlackElo "1967"]
[PlyCount "130"]
[EventDate "1994.10.21"]
[EventType "team"]
[EventRounds "5"]
[EventCountry "CAN"]

1. d4 d5 2. Nf3 c5 3. e3 Nf6 4. c4 cxd4 5. exd4 Nc6 6. Nc3 e6 7. a3 Be7 8. Bd3
dxc4 9. Bxc4 O-O 10. O-O a6 11. d5 exd5 12. Nxd5 Nxd5 13. Bxd5 Bf6 14. Ra2 Nd4
15. Bc4 Qc7 16. b3 Bg4 17. Be2 Nxe2+ 18. Qxe2 Rfe8 19. Be3 Rac8 20. h3 Be6 21.
Rc1 Qe7 22. Rxc8 Rxc8 23. Rc2 Rxc2 24. Qxc2 Qxa3 25. Nd2 Qa1+ 26. Kh2 Qc3 27.
Qe4 Qe5+ 28. Qxe5 Bxe5+ 29. f4 Bc3 30. Ne4 Bb4 31. Nc5 Bxc5 32. Bxc5 Bxb3 33.
Bb6 Kf8 34. Kg3 Ke7 35. Kf2 Kd6 36. Ke3 Kc6 37. Bd4 f6 38. g4 a5 39. h4 Kd5 40.
g5 Ke6 41. Bb6 a4 42. Bc5 Kf5 43. Bf8 Kg6 44. Kf3 Bd5+ 45. Kg3 b6 46. Be7 Kf7
47. Ba3 b5 48. Bb4 Be4 49. Kf2 Kg6 50. Be7 Kf5 51. Ke3 fxg5 52. fxg5 h5 53. Bb4
g6 54. Kd4 Bc6 55. Kd3 Kg4 56. Be1 b4 57. Kc4 a3 58. Kb3 Bd5+ 59. Kxb4 a2 60.
Bc3 Kxh4 61. Bf6 Kg4 62. Ka3 h4 63. Kb2 h3 64. Be5 Kxg5 65. Bh2 Kg4 0-1

[Event "Outaouais op"]
[Site "Gatineau CAN"]
[Date "1994.10.23"]
[Round "4"]
[White "Cossette, Daniel"]
[Black "Lacroix, Serge"]
[Result "1-0"]
[WhiteElo "1948"]
[BlackElo "1967"]
[PlyCount "41"]
[EventDate "1994.10.21"]
[EventType "team"]
[EventRounds "5"]
[EventCountry "CAN"]

1. e4 e5 2. Nf3 Nc6 3. d4 exd4 4. c3 dxc3 5. Nxc3 d6 6. Bc4 Nf6 7. Qb3 Qd7 8.
Ng5 Ne5 9. Bb5 c6 10. f4 h6 11. fxe5 hxg5 12. exf6 cxb5 13. Nd5 Qg4 14. O-O Rb8
15. Nc7+ Kd8 16. Nxb5 Qh5 17. Qg3 gxf6 18. Rxf6 Qh4 19. Bxg5 Qxg3 20. Rxd6+ Ke8
21. Rd8# 1-0

[Event "Montreal op"]
[Site "Montreal CAN"]
[Date "1994.09.03"]
[Round "2"]
[White "Lacroix, Serge"]
[Black "Charest, Johanne"]
[Result "1-0"]
[WhiteElo "1967"]
[BlackElo "1697"]
[PlyCount "57"]
[EventDate "1994.09.03"]
[EventType "swiss"]
[EventRounds "5"]
[EventCountry "CAN"]

1. d4 d5 2. c4 e6 3. Nc3 c5 4. Nf3 Nc6 5. dxc5 Bxc5 6. cxd5 exd5 7. Qxd5 Qe7 8.
e3 Be6 9. Qd1 Rd8 10. Qc2 Nb4 11. Bb5+ Kf8 12. Qb1 a6 13. Be2 Nf6 14. a3 Nc6
15. O-O g6 16. b4 Bf5 17. Qb3 Bd6 18. Bb2 Be6 19. Qc2 Bf5 20. Qc1 Bb8 21. Rd1
Rg8 22. Rxd8+ Qxd8 23. e4 Nxe4 24. Qh6+ Ke8 25. Rd1 Qb6 26. Nxe4 Bxe4 27. Ng5
Bf5 28. Bc4 Nd8 29. Nxh7 1-0

[Event "Montreal op"]
[Site "Montreal CAN"]
[Date "1994.09.05"]
[Round "4"]
[White "Prahov, Valentin"]
[Black "Lacroix, Serge"]
[Result "1-0"]
[WhiteElo "2188"]
[BlackElo "1967"]
[PlyCount "80"]
[EventDate "1994.09.03"]
[EventType "swiss"]
[EventRounds "5"]
[EventCountry "CAN"]

1. d4 d5 2. Nf3 Nf6 3. g3 c5 4. c3 Nc6 5. Bg2 cxd4 6. cxd4 Bf5 7. Nc3 e6 8. O-O
Be7 9. Bf4 O-O 10. Rc1 Bd6 11. Ne5 Bxe5 12. dxe5 Ne4 13. Nxe4 dxe4 14. h4 Qa5
15. Qb3 Qb6 16. Qxb6 axb6 17. a3 Nd4 18. Rfe1 Rfc8 19. Rxc8+ Rxc8 20. Be3 Nc6
21. Rc1 Ne7 22. Rxc8+ Nxc8 23. f3 h6 24. g4 Bh7 25. Kf2 Kf8 26. Bd4 Ke7 27. Ke3
f5 28. exf6+ gxf6 29. fxe4 e5 30. Bc3 Nd6 31. Bb4 Ke6 32. Kd3 b5 33. Bd2 Nc4
34. Bc1 h5 35. gxh5 Nd6 36. Bd2 f5 37. exf5+ Kxf5 38. e4+ Kg4 39. Bb4 Nc4 40.
Kc3 Kg3 1-0

[Event "Festival gourmands"]
[Site "Asbestos CAN"]
[Date "1994.08.29"]
[Round "2"]
[White "Lacroix, Serge"]
[Black "Desjardins, Andre"]
[Result "1-0"]
[WhiteElo "1944"]
[BlackElo "2010"]
[PlyCount "77"]
[EventDate "1994.08.26"]
[EventType "swiss"]
[EventRounds "5"]
[EventCountry "CAN"]

1. d4 Nf6 2. c4 g6 3. Nc3 Bg7 4. e4 d6 5. Nf3 O-O 6. Be3 Nc6 7. Be2 a6 8. h3 e5
9. d5 Ne7 10. c5 h6 11. Nd2 Ne8 12. g4 f5 13. f3 f4 14. Bf2 dxc5 15. Bxc5 Nd6
16. Nc4 Kh7 17. Qb3 Nxc4 18. Bxc4 b6 19. Bf2 Rf6 20. Rc1 c5 21. dxc6 Rxc6 22.
Rd1 Rd6 23. O-O b5 24. Bd5 Nxd5 25. exd5 Rd7 26. Rd2 Bb7 27. Rfd1 Rc8 28. Ne4
Bf8 29. h4 g5 30. hxg5 hxg5 31. Qd3 Kg7 32. Nc5 Bxc5 33. Bxc5 Rxc5 34. Qf5 Qe7
35. Rh2 Kg8 36. Rh5 Qf7 37. Rxg5+ Kf8 38. Qxe5 b4 39. Rf5 1-0

[Event "Festival gourmands"]
[Site "Asbestos CAN"]
[Date "1994.08.28"]
[Round "4"]
[White "Hua, Lefong"]
[Black "Lacroix, Serge"]
[Result "1/2-1/2"]
[WhiteElo "1953"]
[BlackElo "1944"]
[PlyCount "51"]
[EventDate "1994.08.26"]
[EventType "swiss"]
[EventRounds "5"]
[EventCountry "CAN"]

1. d4 Nf6 2. Bg5 Ne4 3. Bf4 d5 4. Nd2 c5 5. Nxe4 dxe4 6. dxc5 Qa5+ 7. c3 Qxc5
8. Bxb8 Rxb8 9. Qa4+ b5 10. Qxe4 b4 11. c4 b3 12. Qd5 Qb4+ 13. Qd2 Qxc4 14. e3
Qa4 15. Rd1 Bg4 16. axb3 Qxb3 17. f3 e5 18. Qd3 Bb4+ 19. Kf2 Qxb2+ 20. Be2 Be6
21. Rb1 Qa2 22. Qe4 Bd6 23. Rd1 Be7 24. Nh3 Bxh3 25. gxh3 O-O 26. Ra1 1/2-1/2

[Event "Quebec op"]
[Site "Montreal CAN"]
[Date "1994.07.23"]
[Round "1"]
[White "Lacroix, Serge"]
[Black "Levtchouk, George"]
[Result "0-1"]
[WhiteElo "1937"]
[BlackElo "2305"]
[PlyCount "82"]
[EventDate "1994.07.23"]
[EventType "swiss"]
[EventRounds "8"]
[EventCountry "CAN"]

1. e4 g6 2. d4 Bg7 3. Nf3 d6 4. Nc3 a6 5. Be3 b5 6. Qd2 Bb7 7. Bd3 Nd7 8. O-O
c5 9. Rfe1 Rc8 10. a3 cxd4 11. Bxd4 e5 12. Be3 Ngf6 13. Rad1 O-O 14. Bh6 Bxh6
15. Qxh6 Qb6 16. Rd2 Rfd8 17. Ng5 Nf8 18. Be2 b4 19. axb4 Qxb4 20. Red1 Rc7 21.
h4 Rcd7 22. h5 Qxb2 23. Nd5 Bxd5 24. c4 Qb4 25. cxd5 Nxe4 26. Nxe4 Qxe4 27.
Bxa6 Ra7 28. Qg5 Rda8 29. h6 Qf5 30. Qxf5 gxf5 31. Bb5 Rb8 32. Bc6 Rb4 33. g3
Ng6 34. Rc2 Kf8 35. Rdc1 Ke7 36. Rc4 Rb2 37. R1c2 Rb1+ 38. Kg2 Raa1 39. Ba4 e4
40. Rc7+ Kf6 41. Be8 Rg1+ 0-1

[Event "Quebec op"]
[Site "Montreal CAN"]
[Date "1994.07.24"]
[Round "2"]
[White "Solomons, Deon"]
[Black "Lacroix, Serge"]
[Result "1-0"]
[WhiteElo "2285"]
[BlackElo "1937"]
[PlyCount "79"]
[EventDate "1994.07.23"]
[EventType "swiss"]
[EventRounds "8"]
[EventCountry "CAN"]

1. c4 e5 2. Nc3 Nf6 3. g3 Bb4 4. Bg2 O-O 5. Nf3 d6 6. O-O Nc6 7. d3 Be6 8. Bd2
h6 9. Ne1 Bxc3 10. Bxc3 Qd7 11. e4 Bh3 12. b4 Bxg2 13. Kxg2 Nh7 14. b5 Ne7 15.
d4 Ng5 16. dxe5 Qh3+ 17. Kg1 Nxe4 18. Bb4 Rfd8 19. Qf3 Qf5 20. exd6 Nxd6 21.
Rd1 Qxf3 22. Nxf3 Ng6 23. Bxd6 cxd6 24. Rfe1 a6 25. a4 axb5 26. axb5 Ra3 27.
Kg2 Rc3 28. Re4 Kf8 29. Red4 Ke7 30. h4 Nf8 31. Re4+ Ne6 32. Nd4 Kf6 33. Ne2
Rc2 34. Nf4 Nxf4+ 35. Rxf4+ Kg6 36. h5+ Kxh5 37. Rxf7 Rxc4 38. Rxg7 d5 39. Rh1+
Rh4 40. Rxh4# 1-0

[Event "Quebec op"]
[Site "Montreal CAN"]
[Date "1994.07.29"]
[Round "7"]
[White "Lacroix, Serge"]
[Black "Saint-Pierre, Benoit"]
[Result "0-1"]
[WhiteElo "1937"]
[BlackElo "2183"]
[PlyCount "56"]
[EventDate "1994.07.23"]
[EventType "swiss"]
[EventRounds "8"]
[EventCountry "CAN"]

1. e4 c5 2. Nf3 d6 3. d4 cxd4 4. Nxd4 Nf6 5. Nc3 Nc6 6. Bg5 e6 7. Qd2 a6 8.
O-O-O Bd7 9. f4 b5 10. a3 Be7 11. Bxf6 gxf6 12. Nxc6 Bxc6 13. Bd3 Qb6 14. Rhf1
h5 15. f5 a5 16. Qf2 Qb7 17. Qd4 e5 18. Qe3 b4 19. axb4 axb4 20. Nd5 Bxd5 21.
exd5 Bf8 22. Qe4 Bh6+ 23. Kb1 Qa7 24. Bb5+ Ke7 25. c3 b3 26. Ba4 Qxa4 27. Qxa4
Rxa4 28. c4 Rha8 0-1